Saamelaiskäräjävaalien ehdokkaiden kotikunnat - Statistics

Yleistilastot
  • Tätä visaa on pelattu 32 kertaa
  • Keskiarvotulos 6 / 8
Vastaustilastot
Ehdokkaita Kunta % Oikein
9 Utsjoki
100%
4 Enontekiö
97%
10 Inari
97%
4 Sodankylä
97%
1 Rovaniemi
90%
4 Helsinki
70%
1 Espoo
50%
1 Kirkkonummi
7%
Ehtoja vastaavia visoja ei löytynyt
Tulosjakauma
Jokaisen tuloksen saaneiden osuus
Persentiili vastausten määrän mukaan
Tuloshistoriasi
Et ole pelannut tätä visaa